000 00551nam a2200157 4500
001 118352
003 ES-MaACL
005 20230906191059.0
007 t|
008 070214s1934 sp r ||||1| spa d
100 1 _aPardo-Reina, Eduardo.
_989011
245 1 0 _aEscrito de calificación provisional de la defensa del capitán D. Manuel Rojas Feigespan procesado por los sucesos de Casas Viejas /
_cpor el letrado D. Eduardo Pardo-Reina.
260 _aMadrid :
_b[s. n.],
_c1934 (
_fDiana)
300 _a36 p. ;
_c21 cm.
852 _aES-MaACL
_j1772-F-7
999 _c118352
_d118352